| 000 | 00765nam a2200241 4500 | ||
|---|---|---|---|
| 003 | OSt | ||
| 005 | 20260601193907.0 | ||
| 008 | 260520b2002 enk||||| |||| 00| 0 eng d | ||
| 040 |
_aICI _bspa _cICI _erda |
||
| 050 | _aNK2110 W56 2002 | ||
| 100 | _eautor | ||
| 245 |
_aWinter 2002/03 home _bOver 2500 of our best home products |
||
| 260 |
_aLondon _bJohn Lewi _c2002 |
||
| 300 |
_a133 paginas: _bilustraciones |
||
| 336 |
_2rdacontent _atexto |
||
| 337 |
_2rdamedia _asin medio |
||
| 338 |
_2rdacarrier _avolumen |
||
| 500 | _aRevista y catálogo estacional de decoración, mobiliario y diseño de interiores | ||
| 650 |
_aDecoración de interiores _xRevista _934611 |
||
| 650 |
_aMuebles _xCatálogos |
||
| 650 |
_aDiseño doméstico _934613 |
||
| 942 |
_2lcc _n1 _cB |
||
| 999 |
_c22431 _d22431 |
||